[Event "King's Island op"]
[Site "King's Island"]
[Date "2006.11.12"]
[Round "5"]
[White "Beokhoff, Andrew"]
[Black "Lein, Anatoly"]
[Result "1-0"]
[WhiteElo "2298"]
[BlackElo "2352"]
[PlyCount "131"]
[EventDate "2006.11.10"]
[EventType "swiss"]
[EventRounds "5"]
[EventCountry "USA"]
[SourceTitle "CBM 115 Extra"]
[Source "ChessBase"]
[SourceDate "2007.01.10"]
[SourceVersion "1"]
[SourceVersionDate "2007.01.10"]
[SourceQuality "1"]

1. Nf3 Nf6 2. c4 g6 3. Nc3 Bg7 4. e4 d6 5. d4 0-0 6. h3 e5 7. d5 Nbd7 8. Bg5 a5 9. g4 Nc5 10. Nd2 Bd7 11. Be2 c6 12. f3 Qb6 13. Rb1 a4 14. Nf1 cxd5 15. cxd5 Rfb8 16. Ne3 Qc7 17. Nc2 b5 18. a3 Nb3 19. Nb4 Qb6 20. Qd3 Na5 21. Qe3 Ne8 22. Qxb6 Rxb6 23. Be3 Rb7 24. h4 Rc8 25. h5 Nc7 26. Kf2 Na8 27. Rh2 Nc4 28. Bxc4 Rxc4 29. Rbh1 Nb6 30. Nc6 Rxc3 31. bxc3 Nc4 32. hxg6 hxg6 33. Bg5 Bxc6 34. dxc6 Rc7 35. Bd8 Rxc6 36. g5 d5 37. exd5 Rd6 38. Be7 Rxd5 39. Kg3 Ne3 40. Bf6 Nf5+ 41. Kf2 Rd2+ 42. Ke1 Rxh2 43. Rxh2 Bxf6 44. gxf6 Nd6 45. Rd2 Nc4 46. Rd5 Nxa3 47. Kd1 Nc4 48. Rxb5 a3 49. Rb7 a2 50. Ra7 Ne3+ 51. Kd2 Nd5 52. Rxa2 Nxf6 53. Ra8+ Kg7 54. Rd8 Nh5 55. c4 Kf6 56. Kc3 Ke7 57. Rd2 Nf4 58. c5 Ne6 59. Kc4 Nd4 60. Rd3 Ke6 61. Ra3 g5 62. Ra6+ Kf5 63. Kd5 Nb5 64. Rb6 Nc3+ 65. Kc4 Na4 66. Rb4 1-0